| 000 | 01977nam0a2200361 4500 | ||
|---|---|---|---|
| 001 | RU\NLR\BIBL_A\022470347 | ||
| 005 | 20260408084259.0 | ||
| 035 | _a(NLR Aleph) 022470347 | ||
| 090 |
_a13369145 _c13369145 |
||
| 100 | _a20250225j1814 |||y0rusy50 ca | ||
| 101 | 0 | _afre | |
| 102 | _aRU | ||
| 140 | _af y |||||||| ya 000 | ||
| 200 | 1 | _aConsidérations morales et religieuses sur les événemens actuels | |
| 210 |
_aS-t.-Pétersbourg [St.- Peterburg] _cde l'imprimerie de Pluchart et comp. _dfévrier 1814 |
||
| 215 |
_a[2], 35, [1] с. _d12° (19 см) |
||
| 304 | _aАвт.: Дмитрий Петрович Бутурлин. Установл. по: Геннади Г. Справочный словарь о русских писателях ... Т. 1. — Берлин, 1876. — с. 120 | ||
| 307 | _aНа тит. л. виньетка | ||
| 317 |
_aЭкз. РНБ (12.50.10.256): Экслибрис: Императорская Эрмитажная иностранная библіотека _5NLR: 12.50.10.256 |
||
| 540 | 1 | _aМоральные и религиозные соображения по поводу текущих событий | |
| 620 | _dSt.- Peterburg | ||
| 700 | 1 |
_4070 _8rus _7ba _aButurlin _bD. P. _f1790-1849 _gDmitrij Petrovič _3RU\NLR\AUTH\7796569 _979495 |
|
| 702 | 1 |
_4610 _7ba _8rus _aPljušar _bA. I. _f1777-1827 _gAleksandr Ivanovič _9226189 _3RU\NLR\AUTH\770226245 |
|
| 712 | 0 | 2 |
_4610 _8fre _aPluchart et co., imprimerie _cSt.-Pétersbourg _7ba _3RU\NLR\AUTH\8810049335 _9598756 |
| 712 | 0 | 2 |
_4390 _aЭрмитаж _cПетербург _bБиблиотека _3RU\NLR\AUTH\8810185935 _9866833 |
| 852 |
_aNLR _j12.50.10.256 |
||
| 942 | _cBOOK | ||
| 980 | _ain1719v | ||
| 980 | _aNB | ||